စိတ်ခံစားမှုကျန်းမာရေး=Emotional health / (Record no. 16712)

000 -LEADER
fixed length control field 00990nam a2200217Ia 4500
003 - CONTROL NUMBER IDENTIFIER
control field OSt
005 - DATE AND TIME OF LATEST TRANSACTION
control field 20250227151756.0
007 - PHYSICAL DESCRIPTION FIXED FIELD--GENERAL INFORMATION
fixed length control field ca aa aaaaa
008 - FIXED-LENGTH DATA ELEMENTS--GENERAL INFORMATION
fixed length control field 201103s9999 xx 000 0 und d
040 ## - CATALOGING SOURCE
Transcribing agency SSBUL
041 ## - LANGUAGE CODE
Language code of text/sound track or separate title bur
082 ## - DEWEY DECIMAL CLASSIFICATION NUMBER
Edition number 23
Classification number ၂၉၄.၃၄ ဓမ်
Item number ၉၃၀၉ S-SAT
100 0# - MAIN ENTRY--PERSONAL NAME
Personal name ဓမ္မသာမိ၊ Dr.၊ ပါမောက္ခ၊ အောက်စဖိုဒ့်ဆရာတော်
9 (RLIN) 17328
245 10 - TITLE STATEMENT
Title စိတ်ခံစားမှုကျန်းမာရေး=Emotional health /
Statement of responsibility, etc. အောက်စဖိုဒ့်ဆရာတော်ပါမောက္ခDr. ဓမ္မသာမိ ။
250 ## - EDITION STATEMENT
Edition statement ပဉ္စမအကြိမ်။
260 ## - PUBLICATION, DISTRIBUTION, ETC.
Place of publication, distribution, etc. [နေရာမပါ] ၊
Name of publisher, distributor, etc. [ထုတ်ဝေသူမပါ]။
Date of publication, distribution, etc. [၂၀၁၅]။
300 ## - PHYSICAL DESCRIPTION
Extent ၆၆ စာမျက်နှာ ၊
Dimensions ၁၄ စင်တီ ။
500 ## - GENERAL NOTE
General note S-SAT: Dr Sai Aung Tun
650 ## - SUBJECT ADDED ENTRY--TOPICAL TERM
Topical term or geographic name entry element သတိပဌာန်
942 ## - ADDED ENTRY ELEMENTS (KOHA)
Koha item type Books (Long term)
Source of classification or shelving scheme
Holdings
Withdrawn status Lost status Source of classification or shelving scheme Damaged status Not for loan Collection code Permanent Location Current Location Shelving location Date acquired Total Checkouts Full call number Barcode Date last seen Price effective from Koha item type Accession Date last checked out
          Special Collections Shan State Buddhist University Library Shan State Buddhist University Library Special Collection Shelves 15/02/2023   ၂၉၄.၃၄ ဓမ် ၉၃၀၉ S-SAT MB00009309 15/02/2023 15/02/2023 Book (Short term) ၉၃၀၉ S-SAT  
          Myanmar Collection Shan State Buddhist University Library Shan State Buddhist University Library   15/02/2023 3 ၂၉၄.၃၄ ဓမ် ၈၂၃၇ MB00008237 11/10/2025 15/02/2023 Books (Long term) ၈၂၃၇(၁) 19/09/2025
          Myanmar Collection Shan State Buddhist University Library Shan State Buddhist University Library Myanmar Shelves 15/02/2023 3 ၂၉၄.၃၄ ဓမ် ၈၂၃၉ MB00008239 06/01/2025 15/02/2023 Books (Long term) ၈၂၃၉ 21/12/2024
            Shan State Buddhist University Library Shan State Buddhist University Library   15/02/2023   ၂၉၄.၃၄ ဓမ် ၈၂၄၀ MB000008240 15/06/2023 15/02/2023   ၈၂၄၀  
            Shan State Buddhist University Library Shan State Buddhist University Library   15/02/2023   ၂၉၄.၃၄ ဓမ် ၇၉၈၅ MB000007985 15/06/2023 15/02/2023 Reference ၇၉၈၅  

Library - 09407999929
Admin Office - 09407999979
Dean Office - 09250910768
Registrar Office - 09892297154
Email - [email protected]
Shan State Buddhist University, Phaya Phyu Taunggyi, Shan State, Myanmar.